[Event "UKR-ch U16 sf"]
[Site "Dnipropetrovsk"]
[Date "2004.11.??"]
[Round "5"]
[White "Kharchenko, Boris"]
[Black "Dziadyk, Pavel"]
[Result "1-0"]
[WhiteElo "2142"]
[BlackElo "2275"]
[PlyCount "63"]
[EventDate "2004.11.??"]
[EventType "swiss"]
[EventRounds "9"]
[EventCountry "UKR"]
[SourceTitle "EXT 2006"]
[Source "ChessBase"]
[SourceDate "2005.11.24"]
[SourceVersion "1"]
[SourceVersionDate "2005.11.24"]
[SourceQuality "1"]

1. e4 c5 2. Nf3 e6 3. c3 d5 4. exd5 exd5 5. d4 Nf6 6. Bg5 Be7 7. dxc5 Nbd7 8. b4 a5 9. Bb5 0-0 10. 0-0 b6 11. Nd4 Nb8 12. Nc6 Nxc6 13. Bxc6 Rb8 14. Bf4 Ba6 15. Bxb8 Bxf1 16. Bf4 Ba6 17. b5 Bc8 18. cxb6 Qxb6 19. Nd2 Bg4 20. Qe1 Ba3 21. Be5 Bd7 22. Bd4 Bc5 23. Bxc5 Qxc5 24. Nb3 Qa3 25. Qc1 Qxc1+ 26. Rxc1 Bxc6 27. bxc6 a4 28. Nd4 Rb8 29. c4 dxc4 30. c7 Re8 31. Nb5 Ne4 32. f3 1-0

[Event "Kiev Independence Cup-A 4th"]
[Site "Kiev"]
[Date "2004.08.15"]
[Round "5"]
[White "Dziadyk, Pavel"]
[Black "Dolzhikova, Kateryna"]
[Result "0-1"]
[WhiteElo "2264"]
[BlackElo "2112"]
[PlyCount "38"]
[EventDate "2004.08.11"]
[EventType "swiss"]
[EventRounds "11"]
[EventCountry "UKR"]
[SourceTitle "EXT 2005"]
[Source "ChessBase"]
[SourceDate "2004.11.15"]
[SourceVersion "1"]
[SourceVersionDate "2004.11.15"]
[SourceQuality "1"]

1. d4 Nf6 2. c4 d6 3. Nc3 e5 4. Nf3 e4 5. Ng5 Qe7 6. Qc2 Nc6 7. e3 Bf5 8. f3 Nxd4 9. Qa4+ Nc6 10. Qb3 0-0-0 11. f4 h6 12. Nh3 Bxh3 13. gxh3 Nd7 14. Qc2 Nb4 15. Qa4 Nd3+ 16. Kd2 N7c5 17. Nd5 Nxa4 18. Nxe7+ Bxe7 19. Bxd3 exd3 0-1

[Event "Kiev Independence Cup-A 4th"]
[Site "Kiev"]
[Date "2004.08.14"]
[Round "4"]
[White "Bely, Andrey"]
[Black "Dziadyk, Pavel"]
[Result "1/2-1/2"]
[WhiteElo "2122"]
[BlackElo "2264"]
[PlyCount "148"]
[EventDate "2004.08.11"]
[EventType "swiss"]
[EventRounds "11"]
[EventCountry "UKR"]
[SourceTitle "EXT 2005"]
[Source "ChessBase"]
[SourceDate "2004.11.15"]
[SourceVersion "1"]
[SourceVersionDate "2004.11.15"]
[SourceQuality "1"]

1. d4 d5 2. c4 e6 3. Nf3 c6 4. Qc2 Nf6 5. g3 dxc4 6. Qxc4 b5 7. Qc2 Bb7 8. Bg2 Nbd7 9. 0-0 c5 10. Qb3 a6 11. Be3 Be7 12. Nc3 0-0 13. Rad1 Qa5 14. a3 b4 15. dxc5 bxc3 16. Qxb7 Rab8 17. b4 Qxa3 18. Qa7 Ra8 19. Qb7 Rab8 20. Qa7 Qxb4 21. c6 Bc5 22. Qxa6 Bxe3 23. cxd7 c2 24. d8Q Rbxd8 25. Rxd8 Bxf2+ 26. Kxf2 Ng4+ 27. Kg1 Rxd8 28. Qa7 Qc3 29. Ne1 f5 30. Nxc2 Qxc2 31. Qe7 Qc8 32. Bb7 Qd7 33. Qxd7 Rxd7 34. Bc8 Rd6 35. Rf3 Kf7 36. h3 Ne5 37. Ra3 Kf6 38. Kf2 Rc6 39. Bb7 Rb6 40. Bf3 Nxf3 41. Kxf3 g5 42. Ra7 Rb3+ 43. Kf2 h5 44. Rh7 Kg6 45. Re7 Rb6 46. Re8 f4 47. gxf4 gxf4 48. Kf3 Kg5 49. Rg8+ Kh4 50. Kxf4 Kxh3 51. Ke5 h4 52. e4 Kh2 53. Kf6 h3 54. e5 Kh1 55. Rg7 h2 56. Rg8 Ra6 57. Rg7 Rc6 58. Rg8 Rc2 59. Kxe6 Rg2 60. Rh8 Rg3 61. Kf6 Rf3+ 62. Ke7 Kg2 63. Rxh2+ Kxh2 64. e6 Kg3 65. Kd7 Rd3+ 66. Kc7 Rc3+ 67. Kd7 Rd3+ 68. Kc7 Kf4 69. e7 Rc3+ 70. Kd7 Rd3+ 71. Kc7 Re3 72. Kd7 Kf5 73. e8Q Rxe8 74. Kxe8 Ke6 1/2-1/2

[Event "Sakharov Memorial 3rd"]
[Site "Kiev"]
[Date "2004.07.27"]
[Round "11"]
[White "Solomaha, Andrey"]
[Black "Dziadyk, Pavel"]
[Result "1/2-1/2"]
[WhiteElo "2323"]
[BlackElo "2243"]
[PlyCount "31"]
[EventDate "2004.07.18"]
[EventType "tourn"]
[EventRounds "11"]
[EventCountry "UKR"]
[SourceTitle "EXT 2008"]
[Source "ChessBase"]
[SourceDate "2007.11.25"]
[SourceVersion "1"]
[SourceVersionDate "2007.11.25"]
[SourceQuality "1"]

1. e4 c5 2. Nf3 e6 3. d3 d5 4. Nbd2 Nc6 5. g3 g6 6. Bg2 Bg7 7. 0-0 Nge7 8. Re1 b6 9. Nf1 h6 10. c3 a5 11. h4 d4 12. c4 e5 13. N3h2 0-0 14. h5 Kh7 15. g4 g5 16. a4 1/2-1/2

[Event "Sakharov Memorial 3rd"]
[Site "Kiev"]
[Date "2004.07.20"]
[Round "3"]
[White "Dziadyk, Pavel"]
[Black "Grinev, Valeriy"]
[Result "0-1"]
[WhiteElo "2243"]
[BlackElo "2249"]
[PlyCount "126"]
[EventDate "2004.07.18"]
[EventType "tourn"]
[EventRounds "11"]
[EventCountry "UKR"]
[SourceTitle "EXT 2008"]
[Source "ChessBase"]
[SourceDate "2007.11.25"]
[SourceVersion "1"]
[SourceVersionDate "2007.11.25"]
[SourceQuality "1"]

1. d4 Nf6 2. c4 e6 3. Nf3 b6 4. a3 Ba6 5. Qc2 Bb7 6. Nc3 c5 7. e4 cxd4 8. Nxd4 Bc5 9. Nb3 Nc6 10. Be2 0-0 11. Bf4 d6 12. 0-0-0 Ne8 13. f3 e5 14. Bg3 Nc7 15. Qd2 Ne6 16. Kb1 a6 17. Na1 Qb8 18. Nc2 Ncd4 19. Nxd4 Bxd4 20. Bd3 Bxc3 21. Qxc3 Rc8 22. Qb4 Rc6 23. a4 Qc7 24. b3 Nc5 25. Bf2 h6 26. Rd2 b5 27. a5 Nxd3 28. Rxd3 bxc4 29. Bb6 Qc8 30. Rxd6 Rxd6 31. Qxd6 cxb3 32. Rc1 Qe8 33. Rc7 Qa4 34. Qd2 Rc8 35. Qb2 Rxc7 36. Bxc7 f6 37. Qc3 Qb5 38. Kb2 Qe2+ 39. Kxb3 Qxg2 40. h4 Bc8 41. Kb4 Qh3 42. h5 Kh7 43. Bb6 Bd7 44. Bc5 Qxh5 45. Bd6 Qg6 46. Kc5 h5 47. Qe1 Qg5 48. Kb6 Bb5 49. Bc5 h4 50. Bf2 h3 51. Bg3 Be2 52. Qf2 Bb5 53. f4 exf4 54. Bxf4 Qg4 55. Bd6 Qxe4 56. Qg3 Qc6+ 57. Ka7 Qd7+ 58. Kb6 Bc6 59. Qh4+ Kg6 60. Qg3+ Kh5 61. Bf8 Qb7+ 62. Kc5 Qb5+ 63. Kd6 Qb8+ 0-1

[Event "Sakharov Memorial 3rd"]
[Site "Kiev"]
[Date "2004.07.18"]
[Round "1"]
[White "Dziadyk, Pavel"]
[Black "Kruglyakov, Pavlo"]
[Result "1/2-1/2"]
[WhiteElo "2243"]
[BlackElo "2281"]
[PlyCount "102"]
[EventDate "2004.07.18"]
[EventType "tourn"]
[EventRounds "11"]
[EventCountry "UKR"]
[SourceTitle "EXT 2008"]
[Source "ChessBase"]
[SourceDate "2007.11.25"]
[SourceVersion "1"]
[SourceVersionDate "2007.11.25"]
[SourceQuality "1"]

1. d4 Nf6 2. c4 c5 3. d5 b5 4. cxb5 a6 5. b6 e6 6. Nc3 Bb7 7. e4 exd5 8. exd5 d6 9. a4 a5 10. Bb5+ Nbd7 11. g4 h6 12. Bf4 Be7 13. h4 Qxb6 14. Nh3 0-0-0 15. g5 Ne8 16. Qg4 Nc7 17. 0-0-0 Nxb5 18. axb5 h5 19. Qf5 Rhf8 20. Rhe1 g6 21. Qd3 Rfe8 22. f3 Bf8 23. Nf2 Bg7 24. Nfe4 Ne5 25. Bxe5 Bxe5 26. Nf6 Bxf6 27. gxf6 Qc7 28. Re3 Re5 29. Rxe5 dxe5 30. d6 c4 31. dxc7 Rxd3 32. Rxd3 cxd3 33. b6 Kd7 34. Kd2 Kc6 35. Na4 Ba6 36. b3 Kd6 37. Nb2 Kc5 38. Nxd3+ Kxb6 39. Nxe5 Kxc7 40. Nxf7 Kd7 41. Ne5+ Ke6 42. f7 Ke7 43. Kc3 Be2 44. f4 Bd1 45. Kb2 Kf8 46. Ka3 Bc2 47. Kb2 Bd1 48. Kc3 Ke7 49. Kc4 Bc2 50. Kc3 Bd1 51. Kb2 Kf8 1/2-1/2

[Event "UKR games U16 B2 2nd"]
[Site "Simferopol"]
[Date "2004.05.21"]
[Round "5"]
[White "Abdurafiev, Memet"]
[Black "Dziadyk, Pavel"]
[Result "1-0"]
[WhiteElo "2064"]
[BlackElo "2243"]
[PlyCount "59"]
[EventDate "2004.05.19"]
[EventType "swiss"]
[EventRounds "9"]
[EventCountry "UKR"]
[SourceTitle "EXT 2008"]
[Source "ChessBase"]
[SourceDate "2007.11.25"]
[SourceVersion "1"]
[SourceVersionDate "2007.11.25"]
[SourceQuality "1"]

1. e4 c5 2. Nf3 e6 3. d3 d5 4. Nbd2 Nc6 5. g3 g6 6. Bg2 Bg7 7. 0-0 Nge7 8. Re1 b6 9. exd5 exd5 10. Nf1 0-0 11. Rb1 a5 12. a3 a4 13. c3 h6 14. h4 Ra7 15. Bf4 Nf5 16. Ne5 Nxe5 17. Bxe5 d4 18. Bxg7 Kxg7 19. Bc6 Bd7 20. Bxd7 Qxd7 21. c4 Re8 22. Nd2 Qc6 23. Rxe8 Qxe8 24. Ne4 Ne7 25. Qf3 f5 26. Nd6 Qc6 27. Qf4 Ng8 28. Re1 Rd7 29. Re6 Kh7 30. h5 1-0

[Event "UKR games U16 B2 2nd"]
[Site "Simferopol"]
[Date "2004.05.20"]
[Round "3"]
[White "Maletskij, Igor"]
[Black "Dziadyk, Pavel"]
[Result "0-1"]
[WhiteElo "2160"]
[BlackElo "2243"]
[PlyCount "77"]
[EventDate "2004.05.19"]
[EventType "swiss"]
[EventRounds "9"]
[EventCountry "UKR"]
[SourceTitle "EXT 2008"]
[Source "ChessBase"]
[SourceDate "2007.11.25"]
[SourceVersion "1"]
[SourceVersionDate "2007.11.25"]
[SourceQuality "1"]

1. e4 c5 2. Nc3 e6 3. f4 d5 4. Nf3 d4 5. Nb1 Nc6 6. Bb5 Qb6 7. Bxc6+ Qxc6 8. d3 Nf6 9. 0-0 Be7 10. Nbd2 0-0 11. Nc4 Qc7 12. a4 b6 13. b3 a6 14. Nfe5 Bb7 15. Bd2 Ne8 16. Qe1 f6 17. Nf3 b5 18. Na5 Bc8 19. e5 f5 20. h3 Bd7 21. g4 Qb6 22. Qg3 Nc7 23. Nh4 Nd5 24. gxf5 Bxh4 25. Qxh4 Rxf5 26. axb5 Bxb5 27. Rf3 Raf8 28. Kh2 Ne3 29. Rg1 g6 30. Rfg3 Kg7 31. b4 Rxf4 32. Qe7+ R8f7 33. Qxc5 Qxc5 34. bxc5 Rf2+ 35. R3g2 Nxg2 36. Rxg2 Rxg2+ 37. Kxg2 Rf5 38. c6 Rxe5 39. Bf4 0-1

[Event "Kiev-ch"]
[Site "Kiev"]
[Date "2004.01.17"]
[Round "2"]
[White "Brozhik, Vasilij"]
[Black "Dziadyk, Pavel"]
[Result "0-1"]
[WhiteElo "2140"]
[BlackElo "2275"]
[PlyCount "70"]
[EventDate "2004.01.16"]
[EventType "swiss"]
[EventRounds "11"]
[EventCountry "UKR"]
[SourceTitle "CBM 098 Extra"]
[Source "ChessBase"]
[SourceDate "2004.03.10"]
[SourceVersion "2"]
[SourceVersionDate "2004.03.10"]
[SourceQuality "1"]

1. g3 d5 2. Nf3 Nf6 3. Bg2 c6 4. 0-0 Bg4 5. c4 Nbd7 6. Qb3 Nc5 7. Qc2 Bxf3 8. Bxf3 e5 9. cxd5 cxd5 10. b4 Ne6 11. Bb2 Bd6 12. d3 0-0 13. Qb3 a5 14. bxa5 Qxa5 15. Bc3 Qc7 16. a4 e4 17. Bg2 Be5 18. Qb2 d4 19. Bb4 Rfc8 20. Na3 Qb8 21. Nb5 Nc5 22. Bxc5 Rxc5 23. f4 exf3 24. Rxf3 Ng4 25. Qb3 Bf6 26. Qb4 Qe5 27. h3 Ne3 28. Na3 Rac8 29. Re1 h5 30. Qxb7 Rc1 31. Kh2 Rxe1 32. Qxc8+ Kh7 33. Rf2 h4 34. Be4+ g6 35. Rf3 hxg3+ 0-1

[Event "UKR-ch sf U20"]
[Site "Ternopol"]
[Date "2003.12.12"]
[Round "2"]
[White "Dziadyk, Pavel"]
[Black "Derjabin, Ilja"]
[Result "1-0"]
[WhiteElo "2243"]
[BlackElo "2379"]
[PlyCount "117"]
[EventDate "2003.12.11"]
[EventType "swiss"]
[EventRounds "9"]
[EventCountry "UKR"]
[SourceTitle "EXT 2008"]
[Source "ChessBase"]
[SourceDate "2007.11.25"]
[SourceVersion "1"]
[SourceVersionDate "2007.11.25"]
[SourceQuality "1"]

1. d4 Nf6 2. c4 e5 3. dxe5 Ng4 4. Bf4 Nc6 5. Nf3 Bb4+ 6. Nbd2 Qe7 7. e3 Ngxe5 8. Nxe5 Nxe5 9. Be2 Bd6 10. 0-0 Ng6 11. Bxd6 Qxd6 12. Rc1 0-0 13. c5 Qe7 14. Nf3 Rd8 15. Qc2 c6 16. Rfd1 d5 17. cxd6 Rxd6 18. Rxd6 Qxd6 19. Rd1 Qf6 20. Qc3 Qe7 21. Ne5 Bf5 22. Nxg6 Bxg6 23. Qd4 h6 24. Bf3 Re8 25. Qxa7 Bc2 26. Rd2 Be4 27. Bxe4 Qxe4 28. h3 b5 29. a3 Qb1+ 30. Kh2 Qc1 31. Qd4 Re6 32. Rd1 Qc2 33. Qd8+ Kh7 34. Qd3+ Qxd3 35. Rxd3 Kg6 36. Kg3 Kf6 37. Rd7 g5 38. Kf3 Kg6 39. Ke2 f6 40. Kd3 f5 41. f3 h5 42. Kd4 h4 43. e4 fxe4 44. fxe4 Rf6 45. Ke3 Re6 46. Rc7 Kf6 47. b3 Rd6 48. a4 bxa4 49. bxa4 Ke5 50. Re7+ Kf6 51. e5+ Kxe7 52. exd6+ Kxd6 53. Kd4 Kc7 54. Kc5 Kb7 55. a5 Ka6 56. Kxc6 Kxa5 57. Kd5 Kb5 58. Ke5 g4 59. hxg4 1-0

[Event "UKR-ch sf U16"]
[Site "Dnipropetrovsk"]
[Date "2003.11.23"]
[Round "9"]
[White "Dziadyk, Pavel"]
[Black "Kharchenko, Boris"]
[Result "0-1"]
[WhiteElo "2261"]
[BlackElo "2141"]
[PlyCount "74"]
[EventDate "2003.11.03"]
[EventType "swiss"]
[EventRounds "9"]
[EventCountry "UKR"]
[SourceTitle "CBM 097 Extra"]
[Source "ChessBase"]
[SourceDate "2004.01.13"]
[SourceVersion "1"]
[SourceVersionDate "2004.01.13"]
[SourceQuality "1"]

1. d4 d5 2. c4 Nc6 3. cxd5 Qxd5 4. e3 e5 5. Nc3 Bb4 6. Bd2 Bxc3 7. bxc3 Qd6 8. Bd3 Nf6 9. f3 0-0 10. Ne2 Re8 11. Qb1 b6 12. 0-0 Bb7 13. Be1 exd4 14. exd4 g6 15. Bg3 Qd7 16. Nf4 Ne7 17. Bh4 Nfd5 18. Qc1 Nf5 19. Nxd5 Bxd5 20. Bg5 b5 21. Qf4 Nd6 22. Bf6 Re6 23. Qh4 Bc4 24. Bxc4 Nxc4 25. f4 Qc6 26. d5 Qxd5 27. f5 Ne3 28. Qg5 Rxf6 29. Qxe3 Rxf5 30. Rxf5 Qxf5 31. Rd1 a5 32. h3 b4 33. c4 a4 34. c5 c6 35. Rd6 b3 36. axb3 a3 37. Rd1 a2 0-1

[Event "UKR-ch sf U16"]
[Site "Dnipropetrovsk"]
[Date "2003.11.20"]
[Round "6"]
[White "Dziadyk, Pavel"]
[Black "Kudin, Valery"]
[Result "1-0"]
[WhiteElo "2261"]
[BlackElo "2221"]
[PlyCount "83"]
[EventDate "2003.11.03"]
[EventType "swiss"]
[EventRounds "9"]
[EventCountry "UKR"]
[SourceTitle "CBM 097 Extra"]
[Source "ChessBase"]
[SourceDate "2004.01.13"]
[SourceVersion "1"]
[SourceVersionDate "2004.01.13"]
[SourceQuality "1"]

1. d4 d5 2. c4 e6 3. Nf3 Nf6 4. Nc3 Be7 5. Bf4 0-0 6. e3 c5 7. dxc5 Bxc5 8. cxd5 Nxd5 9. Nxd5 exd5 10. a3 Nc6 11. Bd3 Qf6 12. Qc2 Bb6 13. Bxh7+ Kh8 14. Bg5 Ba5+ 15. Kf1 Qd6 16. Bf5 Ne5 17. Nd4 g6 18. Bd3 Bd7 19. Bf4 Qe7 20. h3 Kg7 21. Bxe5+ Qxe5 22. g3 Rac8 23. Qe2 Bb6 24. Nf3 Qh5 25. Kg2 Rh8 26. h4 Rce8 27. Qd2 d4 28. e4 Bc6 29. Rae1 f6 30. b4 a6 31. Qf4 Rhf8 32. g4 Qh6 33. Qxh6+ Kxh6 34. Nd2 Bc7 35. f3 Ba4 36. Nc4 b5 37. Nb2 Bb3 38. Rc1 Bf4 39. Rc6 Rc8 40. Rxa6 Rc3 41. e5 Bxe5 42. g5+ 1-0

[Event "Kiev Independence Cup-A 3rd"]
[Site "Kiev"]
[Date "2003.08.21"]
[Round "9"]
[White "Dziadyk, Pavel"]
[Black "Fedosenko, Pavel"]
[Result "1-0"]
[WhiteElo "2261"]
[BlackElo "2242"]
[PlyCount "97"]
[EventDate "2003.08.13"]
[EventType "swiss"]
[EventRounds "11"]
[EventCountry "UKR"]
[SourceTitle "EXT 2004"]
[Source "ChessBase"]
[SourceDate "2003.11.25"]
[SourceVersion "1"]
[SourceVersionDate "2003.11.25"]
[SourceQuality "1"]

1. d4 d5 2. c4 e6 3. Nf3 c6 4. Nc3 dxc4 5. a4 Bb4 6. e3 b5 7. axb5 cxb5 8. Bd2 Bxc3 9. Bxc3 a5 10. b3 Bb7 11. bxc4 b4 12. Bb2 Nf6 13. Bd3 0-0 14. 0-0 Nbd7 15. Re1 Re8 16. e4 e5 17. Nxe5 Nxe5 18. dxe5 Nd7 19. Bc2 Nc5 20. Qd6 Qc8 21. Bd4 Ne6 22. Bb6 Nf4 23. Rxa5 Qg4 24. g3 Nh3+ 25. Kf1 Rxa5 26. Bd1 Qc8 27. Bxa5 Qxc4+ 28. Kg2 Ng5 29. Qxb4 Bxe4+ 30. f3 Qxb4 31. Bxb4 Rb8 32. Bc3 Bd5 33. h4 Ne6 34. Kf2 Rc8 35. Re3 g6 36. g4 Bc4 37. Kg3 Nc7 38. Re4 Bd5 39. Rd4 Be6 40. Bd2 Nb5 41. Rb4 Na7 42. Bb3 Rd8 43. Bxe6 fxe6 44. Bg5 Rd7 45. Rb8+ Kf7 46. Rh8 Kg7 47. Bf6+ Kh6 48. Rg8 Nc6 49. Bg5# 1-0

[Event "Sakharov Memorial 2nd"]
[Site "Kiev"]
[Date "2003.07.17"]
[Round "11"]
[White "Garifulin, Alexandr"]
[Black "Dziadyk, Pavel"]
[Result "1/2-1/2"]
[WhiteElo "2291"]
[BlackElo "2243"]
[PlyCount "36"]
[EventDate "2003.07.07"]
[EventType "tourn"]
[EventRounds "11"]
[EventCountry "UKR"]
[EventCategory "2"]
[SourceTitle "EXT 2008"]
[Source "ChessBase"]
[SourceDate "2007.11.25"]
[SourceVersion "1"]
[SourceVersionDate "2007.11.25"]
[SourceQuality "1"]

1. d4 d5 2. c4 e6 3. Nc3 c6 4. Nf3 Nf6 5. cxd5 exd5 6. Bg5 Be7 7. e3 Bf5 8. Be2 Nbd7 9. 0-0 0-0 10. Rc1 Ne4 11. Bf4 a5 12. Nd2 Ndf6 13. Ncxe4 Nxe4 14. Nb1 Bd6 15. Bxd6 Nxd6 16. Nc3 Re8 17. Bd3 Qg5 18. Bxf5 Qxf5 1/2-1/2